000 01096nam a22002897a 4500
999 _c963
_d963
003 AR-CdUCM
008 190226b ||||| |||| 00| 0 spa d
040 _aMUNICIPALIDAD PROVINCIAL DEL CUSCO
_cBIBLIOTECA MUNICIPAL DEL CUSCO
082 _a980.013 /
_bZ42
100 _aZapata, Roger
_93737
245 _aImágenes de la resistencia indígena y esclava /
260 _aPerú :
_bWari ,
_c1990.
300 _a234 páginas ;
_bFotografías.
_c20 cm.
505 _aLa construcción del mito de Inkarrí -- Retórica y resistencia pictórica -- El grabado y la polémica en los escritos sobre el Perú -- Huaman Poma y la situación de los curacas durante la colonia...
650 _aHuaman Poma.
_93738
650 _aResistencia pictórica.
_93739
650 _aGrabados peruanos.
_93740
650 _aYucatán.
_93741
700 _aVásquez, Juan Adolfo
_93742
700 _aAdorno, Rolena
_93743
700 _aGubler, Ruth
_93744
700 _aPreuss, Mary
_93745
700 _aGraden, Dale T.
_93746
700 _aKrueger, Robert
_93747
942 _2ddc
_cLIBROS
945 _awfj
_d2019-02-26